| 000 | 00815cam a22002651 4500 | ||
|---|---|---|---|
| 001 | 27395 | ||
| 003 | BD-RjUL | ||
| 005 | 20211209051141.0 | ||
| 008 | 140325s1965 nyuc 001 0beng | ||
| 035 | _a(BD-RjUL)27468 | ||
| 040 |
_aDLC _cDLC _dDLC _dBD-RjUL _beng |
||
| 041 | _aeng | ||
| 082 | 0 | 0 |
_a973.922 _bSOK 1965 |
| 100 | 1 |
_aSorensen, Theodore C. _918055 |
|
| 245 | 1 | 0 |
_aKennedy / _cby Theodore C. Sorensen. |
| 260 |
_aNew York : _bHarper & Row, _cc1965. |
||
| 300 |
_aviii, 783 p. : _bport. ; _c25 cm. |
||
| 504 | _aIncludes Index. | ||
| 600 | 1 | 0 |
_aKennedy, John F. _q(John Fitzgerald), _d1917-1963. _975147 |
| 650 | 0 |
_aPresidents _zUnited States _xBiography. _973259 |
|
| 651 | 0 |
_aUnited States _xPolitics and government _y1961-1963. _984162 |
|
| 942 |
_2ddc _cBK |
||
| 999 |
_c27395 _d27395 |
||